[Event "SVK-chT 9697"]
[Site "SVK"]
[Date "1997.??.??"]
[Round "7"]
[White "Chmelik, Lukas"]
[Black "Franzen, Josef"]
[Result "1-0"]
[WhiteElo "2260"]
[BlackElo "2325"]

1.e4 e5 2.Nf3 Nc6 3.Bb5 a6 4.Ba4 Nf6 5.O-O Be7 6.Re1 b5 7.Bb3 d6 8.c3 O-O
9.h3 Nb8 10.d4 Nbd7 11.Nbd2 Bb7 12.a4 c5 13.Bc2 Re8 14.Nf1 Bf8 15.d5 g6 16.Kh2 Nh5
17.Be3 Rb8 18.Qd2 Nb6 19.Bh6 Bc8 20.axb5 axb5 21.Ng3 Nc4 22.Qc1 Nf4 23.Bxf4 exf4
24.Qxf4 Nxb2 25.Ra7 f6 26.e5 dxe5 27.Nxe5 Bb7 28.Rxb7 Rxb7 29.Nc6 Qc8 30.Rxe8 Qxe8
31.Ne4 Be7 32.Nxe7+ Qxe7 33.d6 Qd8 34.Nxc5 Rb6 35.d7 Nc4 36.Bb3 Kg7 37.Bxc4 bxc4
38.Qxc4 Qc7+ 39.g3 Kh6 40.Qd4 Rd6 41.Qf4+ g5 42.Qf5 Qd8 43.Nb7 Qxd7 44.Nxd6 Qxd6
45.c4 Qd4 46.Kg2 Kg7 47.Qd5 Qc3 48.c5 h5 49.c6 Qc2 50.Qd7+ Kh6 51.c7 Qe4+
52.Kh2 Qc2 53.Kg2 Qe4+ 54.Kf1 Qc4+ 55.Ke1 Qc1+ 56.Ke2 Qc4+ 57.Kd2 Qb4+ 58.Kd3 Qb1+
59.Kc4 Qa2+ 60.Kb5 Qe2+ 61.Kc6 Qc2+ 62.Kd6 Qd3+ 63.Ke7 Qh7+ 64.Ke6 Qe4+ 65.Kxf6 Qf3+
66.Ke7 Kg7 67.Kd6+  1-0

[Event "Novak Nikolic mem 1st"]
[Site "Belgrade"]
[Date "1998.02.09"]
[Round "4"]
[White "Martinovic, Slobodan"]
[Black "Cabrilo, Goran"]
[Result "1/2-1/2"]
[WhiteElo "2470"]
[BlackElo "2490"]

1.e4 e5 2.Nf3 Nc6 3.Bb5 a6 4.Ba4 Nf6 5.O-O Be7 6.Re1 b5 7.Bb3 d6 8.c3 O-O
9.h3 Nb8 10.d4 Nbd7 11.Nbd2 Bb7 12.Bc2 Re8 13.Nf1 Bf8 14.Ng3 g6 15.dxe5 dxe5
16.Be3 c5  1/2-1/2

[Event "Szeged TT02 IM"]
[Site "Szeged"]
[Date "1998.02.26"]
[Round "8"]
[White "Seres, Lajos"]
[Black "Farkas, Tibor"]
[Result "1/2-1/2"]
[WhiteElo "2445"]
[BlackElo "2340"]

1.e4 e5 2.Nf3 Nc6 3.Bb5 a6 4.Ba4 Nf6 5.O-O Be7 6.Re1 b5 7.Bb3 d6 8.c3 O-O
9.h3 Nb8 10.d4 Nbd7 11.Nbd2 Bb7 12.Bc2 Re8 13.Nf1 Bf8 14.Ng3 g6 15.a4 c5
16.d5 c4 17.Bg5 h6 18.Be3 Nc5 19.Qd2 h5 20.Bg5 Be7 21.Ra3 Rb8 22.Rea1 Qc7
23.axb5 axb5 24.Ra7 Ra8 25.Rxa8 Rxa8 26.Rxa8+ Bxa8 27.Nxe5 dxe5 28.d6 Qxd6
29.Qxd6 Bxd6 30.Bxf6 Nd7  1/2-1/2

[Event "Budapest FS04 GM"]
[Site "Budapest"]
[Date "1998.04.09"]
[Round "6"]
[White "Cladouras, Panagiotis"]
[Black "Acs, Peter"]
[Result "0-1"]
[WhiteElo "2355"]
[BlackElo "2450"]

1.e4 e5 2.Nf3 Nc6 3.Bb5 a6 4.Ba4 Nf6 5.O-O Be7 6.Re1 b5 7.Bb3 d6 8.c3 O-O
9.h3 Nb8 10.d4 Nbd7 11.Nbd2 Bb7 12.Bc2 Re8 13.b3 Bf8 14.Bb2 g6 15.a4 c6 16.Bd3 Nh5
17.b4 Nf4 18.Bf1 exd4 19.cxd4 d5 20.Qb3 Nb6 21.axb5 cxb5 22.e5 Nc4 23.Bc3 Bh6
24.Qd1 Rc8 25.Rc1 Ne6 26.Nh2 Bg5 27.Ng4 h5 28.Ne3 Nxe5 29.Nb3 Nc6 30.Qf3 Ba8
31.g3 Ne5 32.Qd1 Nc4 33.h4 Bh6 34.Bh3 Nxe3 35.fxe3 Rc4 36.Kh2 f5 37.Qd3 Qd6
38.Nd2 Rec8 39.Nxc4 dxc4 40.Qe2 Be4 41.Bg2 Nc7 42.Bxe4 fxe4 43.Qg2 Qe6 44.Rb1 Nd5
45.Bd2 Bf8 46.Rg1 c3 47.Bc1 Nxb4 48.g4 Nd3 49.gxh5 Bd6+  0-1

[Event "Serbian-ch 29th"]
[Site "Sabac"]
[Date "1998.04.26"]
[Round "7"]
[White "Vuckovic, Bojan"]
[Black "Cabrilo, Goran"]
[Result "1/2-1/2"]
[WhiteElo "2320"]
[BlackElo "2490"]

1.e4 e5 2.Nf3 Nc6 3.Bb5 a6 4.Ba4 Nf6 5.O-O Be7 6.Re1 b5 7.Bb3 d6 8.c3 O-O
9.h3 Nb8 10.d4 Nbd7 11.Bg5 Bb7 12.Nbd2 h6 13.Bh4 c5 14.Bc2 Re8  1/2-1/2

[Event "Saitek US Masters"]
[Site "Hawaii"]
[Date "1998.07.25"]
[Round "5"]
[White "Shipman, Lewis A"]
[Black "Caoili, Arianne"]
[Result "1-0"]
[WhiteElo "2125"]
[BlackElo "2050"]

1.e4 e5 2.Nf3 Nc6 3.Bb5 a6 4.Ba4 Nf6 5.O-O Be7 6.Re1 b5 7.Bb3 d6 8.c3 O-O
9.h3 Nb8 10.d4 Nbd7 11.a4 Bb7 12.Nbd2 c5 13.Bc2 Re8 14.b4 Qc7 15.bxc5 dxc5
16.d5 c4 17.Rb1 bxa4 18.Bxa4 Rab8 19.Nh2 Rec8 20.Ng4 Bd6 21.Bxd7 Nxd7 22.Ne3 Nb6
23.Nf5 Bf8 24.Qg4 Rd8 25.Nf1 Bc8 26.Qf3 Nd7 27.Rxb8 Nxb8 28.N5e3 Bd7 29.Bd2 Ba4
30.Ra1 Bb3 31.Bc1 a5 32.Nd2 a4 33.Qe2 Rc8 34.Nb1 Na6 35.Qg4 Nc5 36.Nf5 Kh8
37.Ba3 g6 38.Ne3 Nd3 39.d6 Qd8 40.Nd2 Rc6 41.Qf3 Nf4 42.Kh2 Kg7 43.g3 Ne6
44.Nf5+ Kg8 45.Ne7+ Bxe7 46.dxe7 Qe8 47.Nf1 Nc5 48.Ne3 Qxe7 49.Nd5 Qd8 50.Qe3 Qd6
51.g4 Kg7 52.Rb1 Bc2 53.Rb5 Bxe4 54.Bxc5 Qxd5 55.Bf8+ Kxf8 56.Rxd5 Bxd5 57.Qxe5 Be6
58.Qb8+ Rc8 59.Qb4+ Kg7 60.Qxa4 Rd8 61.Qa7 Rd3 62.Qc7 h5 63.Qe5+ Kf8 64.Qb8+ Ke7
65.f3 Bd5 66.Qe5+ Be6 67.f4 hxg4 68.hxg4 Rd2+ 69.Kg3 Rd3+ 70.Kf2 f6 71.Qe1 Kf7
72.g5 fxg5 73.fxg5 Rd5 74.Qe3 Ke7 75.Qa7+ Kd6 76.Qb8+ Ke7 77.Qc7+ Rd7 78.Qe5 Rd2+
79.Ke3 Rd3+ 80.Ke4 Kd7 81.Qg7+ Kd6 82.Qxg6 Rxc3 83.Qf6 Rd3 84.g6 Kd7 85.Qg7+ Kd8
86.Ke5 Bd5 87.Qf8+ Kd7 88.g7 Rg3 89.Kxd5 c3 90.g8=Q  1-0

[Event "MK Cafe Cup-A"]
[Site "Koszalin"]
[Date "1998.08.11"]
[Round "9"]
[White "Hracek, Zbynek"]
[Black "Socko, Bartosz"]
[Result "1-0"]
[WhiteElo "2615"]
[BlackElo "2475"]

1.e4 e5 2.Nf3 Nc6 3.Bb5 a6 4.Ba4 Nf6 5.O-O Be7 6.Re1 b5 7.Bb3 d6 8.c3 O-O
9.h3 Nb8 10.d4 Nbd7 11.Nbd2 Bb7 12.Bc2 Re8 13.a4 Bf8 14.Bd3 c6 15.Nf1 g6
16.Bg5 h6 17.Bd2 Qc7 18.Ng3 Bg7 19.Qc1 Kh7 20.Qc2 c5 21.Qb1 c4 22.Bc2 Rab8
23.b4 cxb3 24.Qxb3 Nb6 25.axb5 axb5 26.d5 Nc4 27.Bc1 Bc8 28.Nd2 h5 29.Bd3 Nxd2
30.Bxd2 Bd7 31.Ra6 Rec8 32.Rea1 Bh6 33.Bxh6 Kxh6 34.Ne2 Rb7 35.Qb4 Ne8 36.h4 Qd8
37.g3 Bg4 38.Kg2 f5 39.exf5 Bxf5 40.Bxb5 Bd3 41.c4 Bxc4 42.Qd2+ Kh7 43.Ra7 Rxa7
44.Rxa7+ Ng7 45.Bxc4 Rxc4 46.Qb2 Qc8 47.Ng1 Rxh4 48.Qa3 Rd4 49.Qxd6 Qg8 50.Rd7 Ra4
51.Nf3 Kh6 52.Rd8 Nf5 53.Qf6  1-0

[Event "POL-chTJ"]
[Site "Rowy"]
[Date "1998.08.26"]
[Round "7"]
[White "Tomczak, Rafal"]
[Black "Barglowski, Filip"]
[Result "1-0"]
[WhiteElo "2105"]
[BlackElo "2055"]

1.e4 e5 2.Nf3 Nc6 3.Bb5 a6 4.Ba4 Nf6 5.O-O Be7 6.Re1 b5 7.Bb3 d6 8.c3 O-O
9.h3 Nb8 10.d4 Nbd7 11.Nbd2 Bb7 12.Bc2 Re8 13.Nf1 Bf8 14.Ng3 g6 15.a4 exd4
16.cxd4 c5 17.Bf4 Rc8 18.b3 cxd4 19.Nxd4 bxa4 20.bxa4 Nc5 21.f3 d5 22.e5 Nfd7
23.Qd2 Bg7 24.Bg5 Qc7 25.f4 Ne6 26.Nxe6 fxe6 27.Rac1 Qb6+ 28.Kh1 Rc6 29.Ne2 Rec8
30.Bd3 Bf8 31.Rb1 Qa7 32.Bh4 Bc5 33.Qa2 Rb6 34.Rbc1 a5 35.Nc3 Bc6 36.Nb5 Bxb5
37.Bxb5 Rbb8 38.Qe2 Bb4 39.Bf2 Bc5 40.Bxd7 Qxd7 41.Bxc5  1-0

[Event "Elista ol (Men)"]
[Site "Elista"]
[Date "1998.10.11"]
[Round "12"]
[White "Shirov, Alexei"]
[Black "Sulskis, Sarunas"]
[Result "1/2-1/2"]
[WhiteElo "2720"]
[BlackElo "2555"]

1.e4 e5 2.Nf3 Nc6 3.Bb5 a6 4.Ba4 Nf6 5.O-O Be7 6.Re1 b5 7.Bb3 d6 8.c3 O-O
9.h3 Nb8 10.d4 Nbd7 11.Nbd2 Bb7 12.Bc2 Re8 13.b4 Bf8 14.Bb2 Nb6 15.a3 a5
16.Qe2 exd4 17.Nxd4 axb4 18.cxb4 c6 19.Rac1 g6 20.Bb3 Rc8 21.N2f3 Bh6 22.e5 Bxc1
23.e6 Nc4 24.Bxc4 bxc4 25.exf7+ Kxf7 26.Qxc4+ d5 27.Qxc1 Rxe1+ 28.Qxe1 Ne4
29.Ne5+ Kg8 30.f3 c5 31.bxc5 Nxc5 32.Ng4 Qd6 33.Nh6+ Kf8 34.Ndf5 Qe6 35.Bg7+ Ke8
36.Qxe6+ Nxe6 37.Nd6+ Kd7 38.Nxc8 Nxg7 39.Nb6+ Kc6 40.Na4 Kb5 41.Nb2 Kc5
42.Kf2 Kd4 43.Ng4 Ne6 44.Ke2 Nf4+ 45.Kd2 Nxg2 46.Nd3 Bc6  1/2-1/2

[Event "SVK-chT2A 9899"]
[Site "SVK"]
[Date "1998.10.18"]
[Round "2"]
[White "Bisco, Igor"]
[Black "Strieborny, Martin"]
[Result "1/2-1/2"]
[WhiteElo "2125"]
[BlackElo "2065"]

1.e4 e5 2.Nf3 Nc6 3.Bb5 a6 4.Ba4 Nf6 5.O-O Be7 6.Re1 b5 7.Bb3 d6 8.c3 O-O
9.h3 Nb8 10.a4 Bb7 11.d3 Nbd7 12.Na3 c6 13.Ba2 Nc5 14.a5 Ncd7 15.Nc2 c5 16.Ne3 c4
17.dxc4 Nxe4 18.cxb5 axb5 19.Nd5 Ndc5 20.Nd2 Nf6 21.Nf1 Na4 22.Nfe3 Nxd5
23.Bxd5 Bxd5 24.Nxd5 Bg5 25.b4 Bxc1 26.Rxc1 Nb2 27.Qf3 Nc4 28.Rcd1 f5 29.Ne3 e4
30.Qf4 Ne5 31.Nxf5 Qf6 32.Qxe4 Qxf5 33.Qxf5 Rxf5 34.Rxd6 Re8 35.Ra1 Nc4 36.Rc6 Re2
37.f3 Rd5 38.a6 Rdd2 39.Rxc4 Rxg2+ 40.Kh1 bxc4 41.a7  1/2-1/2

[Event "Villa Martelli op"]
[Site "Villa Martelli"]
[Date "1998.11.06"]
[Round "2"]
[White "Cervetto, Esteban"]
[Black "Slipak, Sergio"]
[Result "0-1"]
[WhiteElo "2125"]
[BlackElo "2500"]

1.e4 e5 2.Nf3 Nc6 3.Bb5 a6 4.Ba4 Nf6 5.O-O Be7 6.Re1 b5 7.Bb3 d6 8.c3 O-O
9.h3 Nb8 10.d4 Nbd7 11.Nbd2 Bb7 12.Bc2 c5 13.Nf1 Re8 14.d5 g6 15.b3 a5 16.Rb1 Nh5
17.Ne3 Ba6 18.c4 b4 19.g3 Bc8 20.Kh2 Ndf6 21.Ng1 Ng7 22.Rb2 Nfh5 23.Ng4 Rf8
24.f4 exf4 25.gxf4 Bh4 26.Rf1 f5 27.Nh6+ Kh8 28.exf5 Nxf5 29.Bxf5 Bg3+ 30.Kh1 Bxf5
31.Rg2 Be4 32.Bb2+ Ng7 33.Nf3 Bxf4 34.Ng4 h5 35.Qe1 Bxf3 36.Rxf3 hxg4 37.Rxg4 Be5
38.Rxf8+ Qxf8 39.Bxe5 dxe5 40.Qxe5 Qf3+ 41.Kh2 Re8 42.Rf4 Rxe5 43.Rxf3 Re2+
44.Kg3 Nf5+ 45.Kg4 Kg7 46.h4 Kf6 47.h5 Re4+ 48.Kh3 gxh5  0-1

[Event "Iona Tech Masters"]
[Site "Kilkenny"]
[Date "1998.11.28"]
[Round "3"]
[White "O'Rourke, Ray"]
[Black "Short, Philip M"]
[Result "1-0"]
[WhiteElo "2095"]
[BlackElo "2295"]

1.e4 e5 2.Nf3 Nc6 3.Bb5 a6 4.Ba4 Nf6 5.O-O Be7 6.Re1 b5 7.Bb3 d6 8.c3 O-O
9.h3 Nb8 10.d4 Nbd7 11.Nbd2 Bb7 12.Bc2 Re8 13.Nf1 Bf8 14.Ng3 g6 15.Bg5 h6
16.Bd2 Bg7 17.a4 c5 18.axb5 axb5 19.Rxa8 Qxa8 20.d5 c4 21.Qc1 Kh7 22.Nh4 Ng8
23.Qd1 Qd8 24.Nf3 Nc5 25.h4 Bc8 26.h5 Bg4 27.hxg6+ fxg6 28.Nf1 Nf6 29.N1h2 Bd7
30.Qe2 Nh5 31.g3 Rf8 32.Be3 Qc7 33.Ra1 Qb7 34.Nh4 Nf6 35.Bxc5 dxc5 36.f4 Qc7
37.Ra6 Be8 38.f5 g5 39.N4f3 Bh5 40.Qd1 b4 41.Qa1 b3 42.Bb1 Bxf3 43.Nxf3 Qf7
44.Qa5 Qh5 45.Kg2 Nd7 46.Rg6 Rf6 47.Qc7 Rf7 48.d6 Kg8 49.Qd8+ Nf8 50.Qe8  1-0

[Event "Oberliga Sued W9899"]
[Site "Wuertemberg"]
[Date "1998.12.13"]
[Round "4"]
[White "Bauer, Peter"]
[Black "Englmeier, Heinz"]
[Result "1-0"]
[WhiteElo "2245"]
[BlackElo "2255"]

1.e4 e5 2.Nf3 Nc6 3.Bb5 a6 4.Ba4 Nf6 5.O-O b5 6.Bb3 Be7 7.Re1 O-O 8.h3 d6
9.c3 Nb8 10.d4 Nbd7 11.Nbd2 Bb7 12.Bc2 Re8 13.Nf1 Bf8 14.Ng3 g6 15.a4 Bg7
16.d5 Bf8 17.b3 c6 18.c4 b4 19.Bd2 a5 20.Bg5 h6 21.Be3 Kh7 22.Qd2 Ng8 23.Nf1 Ndf6
24.g4 c5 25.Ng3 Bc8 26.Kg2 Kh8 27.Rh1 Nh7 28.Rag1 Ra7 29.Kf1 Rc7 30.Rh2 Qf6
31.Kg2 Qd8 32.Kh1 Bg7 33.Ne1 Bf6 34.Nf3 Bg7 35.Bd1 Bf8 36.g5 hxg5 37.Nxg5 Nxg5
38.Bxg5 f6 39.Be3 Rh7 40.h4 f5 41.exf5 gxf5 42.Bg5 Be7 43.Bc2 Rf8 44.f4 Rff7
45.Re1 Qc7 46.Ree2 Bf8 47.fxe5 dxe5 48.Ref2 Nh6 49.Bd1 Ng8 50.Rhg2 f4 51.Ne4 Bf5
52.Bf3 Bg6 53.Kg1 Bh5 54.Bxh5 Rxh5 55.Qe2 Rhh7 56.Qg4 Qd7 57.Qxd7 Rxd7 58.Nf6 Nxf6
59.Bxf6+ Bg7 60.Rxg7 Rhxg7+ 61.Rg2  1-0

[Event "Oxford IM"]
[Site "Oxford"]
[Date "1998.12.17"]
[Round "4"]
[White "Hunt, Adam"]
[Black "Bates, Richard"]
[Result "1/2-1/2"]
[WhiteElo "2265"]
[BlackElo "2395"]

1.e4 e5 2.Nf3 Nc6 3.Bb5 a6 4.Ba4 Nf6 5.O-O Be7 6.Re1 b5 7.Bb3 d6 8.c3 O-O
9.h3 Nb8 10.d4 Nbd7 11.Nbd2 Bb7 12.Bc2 Re8 13.Nf1 Bf8 14.Ng3 g6 15.Nh2 Bg7
16.d5 Qe7 17.b3 c5 18.Bg5 h6 19.Be3 Nf8 20.Qd2 h5 21.Bh6 N8h7 22.Bxg7 Kxg7
23.Rf1 Nd7 24.Rfd1  1/2-1/2

[Event "Groningen Festival"]
[Site "Groningen"]
[Date "1998.12.26"]
[Round "6"]
[White "Asrian, Karen"]
[Black "Piket, Jeroen"]
[Result "1/2-1/2"]
[WhiteElo "2600"]
[BlackElo "2605"]

1.e4 e5 2.Nf3 Nc6 3.Bb5 a6 4.Ba4 Nf6 5.O-O Be7 6.Re1 b5 7.Bb3 d6 8.c3 O-O
9.h3 Nb8 10.d4 Nbd7 11.Nbd2 Bb7 12.Bc2 Re8 13.a4 Bf8 14.Bd3 c6 15.b3 g6 16.Qc2 Nh5
17.Bb2 Nf4 18.Bf1 exd4 19.cxd4 Rc8 20.g3 Ne6 21.h4 d5 22.Bh3 c5 23.Qd1 cxd4
24.axb5 axb5 25.Nxd4 Nxd4 26.Bxd4 dxe4 27.Ra7 Rc7 28.Rxb7 Rxb7 29.Nxe4 Rxe4
30.Rxe4 Nc5 31.Re1 Nxb3 32.Qf3 Re7 33.Rxe7  1/2-1/2

[Event "Beersheba-St Petersburg"]
[Site "Beersheba"]
[Date "1998.??.??"]
[Round "7"]
[White "Tseitlin, Mark D"]
[Black "Yemelin, Vasily"]
[Result "1/2-1/2"]
[WhiteElo "2515"]
[BlackElo "2485"]

1.e4 e5 2.Nf3 Nc6 3.Bb5 a6 4.Ba4 Nf6 5.O-O Be7 6.Re1 b5 7.Bb3 d6 8.c3 O-O
9.h3 Nb8 10.d4 Nbd7 11.Nbd2 Bb7 12.Bc2 Re8 13.a4 Bf8 14.Bd3 c6 15.b3 g6 16.Bb2 Qc7
17.Qc2 Bg7 18.Rad1 Rac8 19.Qb1 Nh5 20.Bf1 Nf4 21.g3 Ne6 22.Bg2 Ba8 23.Qa1 Rb8
24.a5 d5 25.b4 Re7 26.Nxe5 Nxe5 27.dxe5 Bxe5 28.exd5 cxd5 29.Nf1 Rbe8 30.Ne3 Ng5
31.Ng4 d4 32.Rxe5 Rxe5 33.Bxa8 Rxa8 34.cxd4 Re2 35.d5 h5 36.Nf6+ Kf8 37.Bd4 Nf3+
38.Kg2 Nxd4 39.Qxd4 Rd8 40.d6 Qc6+ 41.Kh2 Qf3 42.Nh7+ Kg8 43.Nf6+ Kf8 44.Rf1 h4
45.g4 Qc6 46.Ne4 Kg8 47.Nf6+ Kf8  1/2-1/2

[Event "Primavara (Women)"]
[Site "Bucharest"]
[Date "1998.??.??"]
[Round "5"]
[White "Moshina, Cristina"]
[Black "Olarasu, Gabriela"]
[Result "1/2-1/2"]
[WhiteElo "2135"]
[BlackElo "2270"]

1.e4 e5 2.Nf3 Nc6 3.Bb5 a6 4.Ba4 Nf6 5.O-O Be7 6.Re1 b5 7.Bb3 d6 8.c3 O-O
9.h3 Nb8 10.d4 Nbd7 11.Nbd2 Bb7 12.Bc2 Re8 13.Nf1 Bf8 14.Ng3 d5 15.Nxe5 dxe4
16.Nxd7 Qxd7 17.Bg5 Qc6 18.Bxf6 e3 19.Qf3 exf2+ 20.Kxf2 Qxf6 21.Qxf6 gxf6
22.Be4 c6 23.Nh5 Re6 24.Bf5 Rd6 25.b4 Bc8 26.Re8 Bb7 27.Rae1 Rdd8 28.Rxd8 Rxd8
29.Nxf6+ Kg7 30.Ne4 Bc8 31.Bxc8 Rxc8 32.Re3 Be7 33.Nc5 Bxc5 34.bxc5 Kf6 35.Ke2 a5
36.Kd2 Rb8 37.Kc2 Rg8 38.g3 Rd8 39.Kb3 Rb8 40.a3 h6 41.c4 bxc4+ 42.Kxc4 Rb1
43.Rb3 Rc1+ 44.Rc3 Rd1 45.Rb3 Rc1+ 46.Kd3 Ke6 47.Rc3 Rh1 48.h4 Kd5 49.Ke3  1/2-1/2

[Event "NRW-Liga 9798"]
[Site "Germany"]
[Date "1998.??.??"]
[Round "6"]
[White "Doennebrink, Elmar"]
[Black "Lytchak, Boris"]
[Result "1/2-1/2"]
[WhiteElo "2170"]
[BlackElo "2260"]

1.e4 e5 2.Nf3 Nc6 3.Bb5 a6 4.Ba4 Nf6 5.O-O Be7 6.Re1 b5 7.Bb3 d6 8.c3 O-O
9.h3 Nb8 10.d4 Nbd7 11.Nbd2 Bb7 12.Bc2 Re8 13.Nf1 Bf8 14.Ng3 g6 15.Nh2 d5
16.f4 exf4 17.Bxf4 Nxe4 18.Nxe4 dxe4 19.Ng4 g5 20.Bh2 f5 21.Bb3+ Kh8 22.Be5+ Bg7
23.Bxg7+ Kxg7 24.Ne3 Rf8 25.Be6 f4 26.Nf5+ Kg6 27.Qg4 Nf6 28.Nh4+ Kh6 29.Nf5+  1/2-1/2

[Event "HUN-chT9899"]
[Site "HUN"]
[Date "1998.??.??"]
[Round "?"]
[White "Hazai, Laszlo"]
[Black "Gyimesi, Zoltan"]
[Result "1/2-1/2"]
[WhiteElo "2445"]
[BlackElo "2525"]

1.e4 e5 2.Nf3 Nc6 3.Bb5 a6 4.Ba4 Nf6 5.O-O Be7 6.Re1 b5 7.Bb3 d6 8.c3 O-O
9.h3 Nb8 10.d4 Nbd7 11.Nbd2 Bb7 12.Bc2 Re8 13.b3 Bf8 14.Bb2 g6 15.a4 c6 16.Bd3 Nh5
17.Qc2 Rc8 18.Rab1 Qb6 19.Ba1 Nf4 20.Bf1 Bg7 21.b4 d5 22.g3 Nh5 23.Bg2  1/2-1/2

[Event "HUN-chT 9798"]
[Site "Hungary"]
[Date "1998.??.??"]
[Round "?"]
[White "Sherzer, Alex"]
[Black "Gyimesi, Zoltan"]
[Result "1/2-1/2"]
[WhiteElo "2495"]
[BlackElo "2500"]

1.e4 e5 2.Nf3 Nc6 3.Bb5 a6 4.Ba4 Nf6 5.O-O Be7 6.Re1 b5 7.Bb3 d6 8.c3 O-O
9.h3 Nb8 10.d4 Nbd7 11.Nbd2 Bb7 12.Bc2 Re8 13.Nf1 Bf8 14.Ng3 g6 15.b3 c6
16.Bg5 Bg7 17.Qd2 Qc7 18.Rad1 Nf8 19.Bh6 Ne6 20.a4 c5 21.d5 Nf8 22.Ra1 Rab8
23.Qg5 Bc8 24.Nh4 Bxh6 25.Qxh6 b4 26.Re3 Qe7 27.c4 Kh8 28.Nf3 Ng8 29.Qh4 Rb7
30.Qxe7 Rbxe7 31.Rf1 Nh6 32.Nd2 Kg7 33.f4 exf4 34.Rxf4 Nd7 35.Re1 Ng8  1/2-1/2

[Event "HUN-chT 9798"]
[Site "Hungary"]
[Date "1998.??.??"]
[Round "?"]
[White "Hazai, Laszlo"]
[Black "Gyimesi, Zoltan"]
[Result "1/2-1/2"]
[WhiteElo "2455"]
[BlackElo "2500"]

1.e4 e5 2.Nf3 Nc6 3.Bb5 a6 4.Ba4 Nf6 5.O-O Be7 6.Re1 b5 7.Bb3 d6 8.c3 O-O
9.h3 Nb8 10.d4 Nbd7 11.Nbd2 Bb7 12.Bc2 Re8 13.b3 Bf8 14.Bb2 g6 15.a4 c6 16.Bd3 Nh5
17.Bf1 Nf4 18.Qc2 Bg7 19.Rad1 Qc7 20.b4 Rac8 21.dxe5 Nxe5 22.Nxe5 dxe5 23.c4  1/2-1/2

[Event "RUS-Cup"]
[Site "Krasnodar"]
[Date "1998.??.??"]
[Round "7"]
[White "Galkin, Alexander"]
[Black "Salinnikov, Denis Y"]
[Result "1/2-1/2"]
[WhiteElo "2565"]
[BlackElo "2370"]

1.e4 e5 2.Nf3 Nc6 3.Bb5 a6 4.Ba4 Nf6 5.O-O Be7 6.Re1 b5 7.Bb3 d6 8.c3 O-O
9.h3 Nb8 10.d4 Nbd7 11.Nbd2 Bb7 12.Bc2 Re8 13.Nf1 d5 14.Nxe5 Nxe5 15.dxe5 Nxe4
16.Bf4 Bg5 17.Bh2 f5 18.f3 Nc5 19.Bxf5 g6 20.Bc2 Ne6 21.Bg3 c5 22.Bf2 Rf8
23.a4 Kg7 24.Nh2 Qc7 25.Ng4 Rad8 26.axb5 axb5 27.h4 Bf4 28.Qe2 Bc6 29.Ra6 Qb7
30.Rea1 Ra8 31.Rxa8 Rxa8 32.Rd1 b4 33.c4 d4 34.Bb1 Qc7 35.Re1 Rd8 36.Qd3 Bh6
37.Nxh6 Kxh6 38.Bg3 Rf8 39.Kf2 Qf7 40.Bc2 Kg7 41.h5 Nf4 42.Bxf4 Qxf4 43.Rh1 Bb7
44.Qe4 Qd2+ 45.Qe2 Qxe2+ 46.Kxe2 Bc6 47.hxg6 hxg6 48.Bd3 Ra8 49.f4 Ra2 50.Rb1 b3
51.Kf2 Ra4 52.Rc1 Ra2 53.Rb1 Ra4  1/2-1/2

[Event "EU-ch U18"]
[Site "Murek"]
[Date "1998.??.??"]
[Round "6"]
[White "Vink, Nico"]
[Black "Dovlatov, Sanan"]
[Result "0-1"]
[WhiteElo "2285"]
[BlackElo "2285"]

1.e4 e5 2.Nf3 Nc6 3.Bb5 a6 4.Ba4 Nf6 5.O-O Be7 6.Re1 b5 7.Bb3 O-O 8.c3 d6
9.h3 Nb8 10.d4 Nbd7 11.Nbd2 Bb7 12.Bc2 Re8 13.Nf1 Bf8 14.Ng3 g6 15.Nh2 c5
16.d5 c4 17.Ng4 Nxg4 18.hxg4 Qh4 19.Nf1 Qe7 20.g3 Bg7 21.Kg2 Nf8 22.Ne3 Bc8
23.Rh1 Bd7 24.Qe1 Rec8 25.Bd1 Rab8 26.Bd2 a5 27.a4 bxa4 28.Bc1 Bf6 29.Bxa4 Rc5
30.Qe2 Rbc8 31.Nc2 Bg5 32.Bxg5 Qxg5 33.Ne3 Qd8 34.Ra2 Qc7 35.Bxd7 Nxd7 36.g5 Qd8
37.Qg4 Qe7 38.Qh3 h5 39.gxh6 Kh7 40.Qg4 Qd8 41.Qf3 Qf6 42.Qe2 Nb6 43.Ng4 Qe7
44.Nh2 f5 45.exf5 gxf5 46.Qh5 Qf6 47.Nf3 Rg8 48.Nh4 Rg5 49.Qe8 Nxd5 50.Rha1 Rc7
51.Rxa5 Rg8 52.Qb5 Ne3+ 53.Kf3 f4 54.gxf4 Qxf4+ 55.Ke2 Rf7 56.f3 Rg2+ 57.Nxg2 Qxf3+  0-1

[Event "EU-ch U18"]
[Site "Murek"]
[Date "1998.??.??"]
[Round "8"]
[White "Shavtvaladze, Nikoloz"]
[Black "Dovlatov, Sanan"]
[Result "0-1"]
[WhiteElo "2215"]
[BlackElo "2285"]

1.e4 e5 2.Nf3 Nc6 3.Bb5 a6 4.Ba4 Nf6 5.O-O Be7 6.Re1 b5 7.Bb3 O-O 8.c3 d6
9.h3 Nb8 10.d4 Nbd7 11.Nbd2 Bb7 12.Bc2 Re8 13.Nf1 Bf8 14.Ng3 g6 15.b3 c6
16.Bg5 h6 17.Be3 Qc7 18.Qd2 Kh7 19.Nh2 exd4 20.cxd4 c5 21.d5 Bg7 22.Rac1 a5
23.Nf3 Qd8 24.Bf4 Nb6 25.Bd3 b4 26.Bb5 Rf8 27.Bc6 Ra7 28.Bxb7 Rxb7 29.Qd3 a4
30.Nd2 Qd7 31.Nc4 Nxc4 32.Qxc4 Re8 33.Qa6 Bf8 34.Rcd1 Ra7 35.Qc4 Qd8 36.Re2 Nd7
37.Rde1 Qf6 38.Bc1 Bg7 39.Bb2 Qf4 40.Bc1 Qh4 41.Qb5 Rb8 42.Qc4 Bc3 43.Qd3 axb3
44.axb3 Bxe1 45.Rxe1 Ra1 46.Nf1 Ne5 47.Qe3 c4 48.bxc4 b3 49.Re2 Nxc4 50.Qc3 Rxc1
51.Qxc1 b2 52.Qb1 Na3  0-1

[Event "SVK-chT1W 9798"]
[Site "SVK"]
[Date "1998.??.??"]
[Round "?"]
[White "Borik, Juraj"]
[Black "Hudoba, Ondrej"]
[Result "1/2-1/2"]
[WhiteElo "2105"]
[BlackElo "2245"]

1.e4 e5 2.Nf3 Nc6 3.Bb5 a6 4.Ba4 Nf6 5.O-O Be7 6.Re1 b5 7.Bb3 O-O 8.c3 d6
9.h3 Re8 10.Ng5 Rf8 11.Nf3 Nb8 12.d4 Nbd7 13.Nbd2 Re8 14.Ng5 Rf8 15.Ngf3 Re8
16.Ng5  1/2-1/2

[Event "SVK-chT 9798"]
[Site "SVK"]
[Date "1998.??.??"]
[Round "11"]
[White "Bekiarisova, Alena"]
[Black "Franzen, Josef"]
[Result "0-1"]
[WhiteElo "2160"]
[BlackElo "2310"]

1.e4 e5 2.Nf3 Nc6 3.Bb5 a6 4.Ba4 Nf6 5.O-O Be7 6.Re1 b5 7.Bb3 d6 8.c3 O-O
9.h3 Nb8 10.d4 Nbd7 11.Nbd2 Bb7 12.d5 c6 13.dxc6 Bxc6 14.Bc2 Qc7 15.Nf1 Rfe8
16.Ng3 Bf8 17.Nh4 d5 18.exd5 Bxd5 19.Nhf5 Qb7 20.Ne3 Bc6 21.Ngf5 Red8 22.Qe2 g6
23.Nh4 Re8 24.Ng4 Nxg4 25.Qxg4 Nf6 26.Qg5 Bg7 27.Qe3 Rad8 28.a4 b4 29.a5 Nd5
30.Qg3 bxc3 31.bxc3 e4 32.Ra3 Be5 33.f4 Bf6 34.Nf5 Qa7+ 35.Kh1 e3 36.Nh6+ Kh8
37.Ng4 Bg7 38.Ne5 Ba8 39.c4 Nxf4 40.Bxe3 Nxg2 41.Bxa7 Nxe1+ 42.Nf3 Nxc2 43.Rb3 Ne1
44.Kg1 Rd1 45.Rb8 Nxf3+ 46.Kf2 Rd2+ 47.Kf1 Rdd8 48.Rxd8 Rxd8 49.Qc7 Rf8 50.Bc5 Re8
51.Bf2 f5 52.Qd7 Rf8 53.Bc5 Rg8 54.Bd6 Nd2+ 55.Ke2 Nxc4 56.Bc7 Ne5 57.Qe6 Nc6
58.Kf1 f4 59.Qc4 Bb7 60.Qb3 Bc8 61.Kg2 Nd4 62.Qa4 f3+ 63.Kf2 Bxh3 64.Bb6 Nb5
65.Qh4 Bc8 66.Be3 Bb7 67.Qe7 Ba8 68.Qe6 Nc3 69.Bf4 Rf8 70.Be5 Ne4+ 71.Kf1 Bxe5
72.Qxe5+ Kg8 73.Qe6+ Kg7 74.Qxa6 f2 75.Qa7+ Kg8 76.Qe3 Bd5  0-1

[Event "GER CupT sf"]
[Site "Walldorf"]
[Date "1998.??.??"]
[Round "?.1"]
[White "Volke, Karsten"]
[Black "Gabriel, Christian"]
[Result "1/2-1/2"]
[WhiteElo "2460"]
[BlackElo "2555"]

1.e4 e5 2.Nf3 Nc6 3.Bb5 a6 4.Ba4 Nf6 5.O-O Be7 6.Re1 b5 7.Bb3 d6 8.c3 O-O
9.h3 Nb8 10.d4 Nbd7 11.Nbd2 Bb7 12.a4 c5 13.d5 c4 14.Bc2 Nc5 15.Nf1 Nfd7
16.Ng3 g6 17.Bh6 Re8 18.Qd2 Nb6 19.axb5 axb5 20.Nh2 Rxa1 21.Rxa1 Bc8 22.Ra7 Bd7
23.Ng4 Qb8 24.Ra1 Bxg4 25.hxg4 Qb7 26.Be3 Ra8 27.Rd1 Qc8 28.Qe2 Ra2 29.Bb1 Ra1
30.Bc2 Qa8 31.g5 Qa2 32.Nf5 gxf5 33.exf5 Nxd5 34.f6 Bf8 35.Bf5 Nxe3 36.fxe3 h6
37.gxh6 Kh8 38.h7 Ne6 39.Qg4 Rxd1+ 40.Kh2 Bg7 41.Bxe6 Rh1+ 42.Kxh1 Qb1+ 43.Kh2 Qxh7+
44.Kg1 Bh6 45.Bf5 Bxe3+ 46.Kf1 Qh6 47.Qf3 Qxf6 48.Bd7 Qxf3+ 49.gxf3 Bc1 50.Bxb5 Bxb2
51.Bxc4 Kg7 52.Ke2 Bxc3 53.Kd3 Bb4 54.Bd5 Kg6 55.Ke3 Bc5+ 56.Kd3 f5 57.Ke2 Kf6
58.Kd3 Ba7 59.Ke2 e4 60.fxe4 Ke5 61.Kf3  1/2-1/2

[Event "Wattens op 13th"]
[Site "Wattens"]
[Date "1998.??.??"]
[Round "6"]
[White "Wiesinger, Johann"]
[Black "Gruber, Michael"]
[Result "0-1"]
[WhiteElo "1740"]
[BlackElo "1865"]

1.e4 e5 2.Nf3 Nc6 3.Bb5 a6 4.Ba4 Nf6 5.O-O b5 6.Bb3 d6 7.Re1 Be7 8.c3 O-O
9.h3 Nb8 10.d4 Nbd7 11.Bc2 Bb7 12.Nbd2 Re8 13.Nf1 Bf8 14.Ng3 g6 15.Bg5 Bg7
16.a4 h6 17.Bd2 c6 18.Qc1 Kh7 19.Bd3 Qc7 20.Be3 Ng8 21.Nh2 Nb6 22.axb5 cxb5
23.Qd1 Nc4 24.Bxc4 Qxc4 25.d5 Ne7 26.Qc2 Rf8 27.f4 exf4 28.Bxf4 Nxd5 29.Bxd6 Rfd8
30.e5 Qf4 31.Qf2 Qxf2+ 32.Kxf2 Nf4 33.Rad1 Nxg2 34.Rf1 Nf4 35.Ke3 Nd5+ 36.Ke2 f6
37.Ng4 fxe5 38.Bxe5 Rf8 39.Rxf8 Rxf8 40.Bxg7 Kxg7 41.Rf1 Nf4+ 42.Kd2 Nxh3
43.Rxf8 Kxf8 44.Nxh6 Bc8 45.Ne4 Kg7 46.Nf7 Kxf7 47.Nd6+ Ke6 48.Nxc8 Nf4 49.Na7 Kd6
50.Ke3 Nd5+ 51.Ke4 Ne7 52.b4 Kc7 53.Nxb5+ axb5 54.c4 bxc4 55.Kd4 Kb6 56.Kxc4 Kc6
57.b5+ Kb6  0-1

[Event "Troll Masters"]
[Site "Gausdal"]
[Date "1999.01.10"]
[Round "3"]
[White "Hansen, Sune Berg"]
[Black "Borge, Nikolaj"]
[Result "1/2-1/2"]
[WhiteElo "2520"]
[BlackElo "2455"]

1.e4 e5 2.Nf3 Nc6 3.Bb5 a6 4.Ba4 Nf6 5.O-O Be7 6.Re1 b5 7.Bb3 O-O 8.h3 d6
9.c3 Nb8 10.d4 Nbd7 11.c4 Bb7 12.Nc3 bxc4 13.Bxc4 Nb6  1/2-1/2

[Event "HUN-ch"]
[Site "Lillafured"]
[Date "1999.02.07"]
[Round "7"]
[White "Gyimesi, Zoltan"]
[Black "Sax, Gyula"]
[Result "1/2-1/2"]
[WhiteElo "2529"]
[BlackElo "2524"]

1.e4 e5 2.Nf3 Nc6 3.Bb5 a6 4.Ba4 Nf6 5.O-O Be7 6.Re1 b5 7.Bb3 d6 8.c3 O-O
9.h3 Nb8 10.d4 Nbd7 11.Nbd2 Bb7 12.Bc2 Re8 13.Nf1 Bf8 14.Ng3 g6 15.a4 c5
16.Be3 exd4 17.cxd4 Bxe4 18.Nxe4 Nxe4 19.Bxe4 Rxe4 20.dxc5 Nxc5 21.axb5 axb5
22.Qd5 Re8 23.Ng5 Ne6 24.Nxe6 fxe6 25.Qxb5 Rb8 26.Qe2 Bg7 27.Reb1 Rb7 28.Ra6 Qb8
29.b3 Rxb3 30.Rxb3 Qxb3 31.Rxd6 Qb1+ 32.Rd1 Qf5 33.Bd4 Rd8 34.Bxg7 Rxd1+
35.Qxd1 Kxg7  1/2-1/2